| 000 | 00807nam a2200193 i 4500 | ||
|---|---|---|---|
| 999 |
_c22959 _d22959 |
||
| 003 | AR-CdUCM | ||
| 008 | 240802b pe ||||| |||| 00| 0 spa d | ||
| 040 |
_aMUNICIPALIDAD PROVINCIAL DEL CUSCO _cBIBLIOTECA MUNICIPAL DEL CUSCO |
||
| 041 | _hspa | ||
| 082 |
_a864.985 / M36P _bM36P |
||
| 100 |
_aMedina Sánchez, Juan _950120 |
||
| 245 | _aPerú Bicentenario / | ||
| 260 |
_aPerú : _c2021. |
||
| 300 |
_a108 páginas. : _c20 cm. |
||
| 505 | _aLa historia del bicentenario del Perú y demás naciones en Sudamérica -- La comisión multipartidaria -- La composición de la comisión y sus integrantes -- La mesa directiva -- Los objetivos específicos de comisión multipartidario | ||
| 650 |
_aCausas fundamentales de la falsa independencia _950128 |
||
| 942 |
_2ddc _cLIBROS |
||
| 945 |
_apbj _d2024-08-02 |
||